000 00932nam a2200253 a 4500
001 000034747
003 DO-SdBNP
005 20231121102358.0
008 111019s1977 sp 000 0 spa d
020 _a8473670396
040 _aDO-SdBNP
_bspa
_cBNPHU
082 4 _a947.084
_bT858r
_222
100 1 _aTrotsky, León,
_d1879-1940
_943832
245 1 3 _aLa revolución traicionada :
_bqué es y a dónde va la Unión Soviética /
_cLeón Trotsky.
260 _aBarcelona :
_bFontamara,
_c1977.
300 _a298 p. ;
_c19 cm.
490 0 _aNaturaleza de las cosas
590 _aPerteneció a la biblioteca personal de Juan Isidro Jimenes Grullón.
651 4 _aUnión Soviética
_xPolítica y gobierno
_y1917-1936
_960222
651 4 _aUnión Soviética
_xCondiciones económicas
_y1917-1945
_960223
651 4 _aUnión Soviética
_xCondiciones sociales
_960224
910 _aValidado. Control de calidad MFF
942 _2ddc
_cLBS1
999 _c34238
_d34238